Welcome to the Holygrace Academy Library

Please use search bar below to get started

PONY IN THE PORCH (Record no. 7294)

MARC details
000 -LEADER
fixed length control field 00606nam a22001457a 4500
020 ## - INTERNATIONAL STANDARD BOOK NUMBER
ISBN 0-340-60771-8
082 ## - DEWEY DECIMAL CLASSIFICATION NUMBER
Classification number 823
Item number DAN/P
100 ## - MAIN ENTRY--AUTHOR NAME
Personal name DANIELS, LUCY
245 ## - TITLE STATEMENT
Title PONY IN THE PORCH
250 ## - EDITION STATEMENT
Edition statement 1
260 ## - PUBLICATION, DISTRIBUTION, ETC. (IMPRINT)
Place of publication BRITAIN
Name of publisher KNIGHT BOOKS
Year of publication 1994
520 ## - SUMMARY, ETC.
Summary, etc Mandy Hope is a preteen girl who loves animals. She knows quite a bit about them--her parents are both vets. When Mandy meets stuck-up Susan, she decides that the only good thing about her is her pony, Prince. Then Mandy realizes that Susan's determination to win at show-jumping threatens Prince's life.
650 ## - SUBJECT ADDED ENTRY--TOPICAL TERM
Topical Term ENGLISH STORY
942 ## - ADDED ENTRY ELEMENTS (KOHA)
Koha item type Books
Holdings
Withdrawn status Lost status Collection code Home library Current library Shelving location Date acquired Source of acquisition Full call number Accession Number Koha item type
    Fiction Main Library Main Library SHELF 4-B ANIMAL ARK 17/07/2019 PURCHASE 823 DAN/P 11259 Books